000 00316nam a2200133Ia 4500
005 20251222155043.0
008 251222s9999||||xx |||||||||||||| ||spa||
082 _aEBA. 29
100 _aPEREZ, Evangelina.
245 0 _aAuxiliar de Enfermería
250 _a2da. ed.
264 _bInteramericana-Mc
942 _cLIB
999 _c36981
_d36981